Nitriding of technical-purity titanium in hollow-cathode glow discharge; Technical Physics Letters; Vol. 31, № 7

Bibliographische Detailangaben
Parent link:Technical Physics Letters.— , 1975-
Vol. 31, № 7.— 2005.— [P. 548-550]
Weitere Verfasser: Akhmadeev Yu. Kh., Goncharenko I. M., Ivanov Yu. F. Yuriy Fedorovich, Koval N. N. Nikolay Nikolaevich, Schanin P. M.
Zusammenfassung:Title screen
The process of nitriding at low pressures and temperatures (=550°C) in hollow-cathode glow discharge plasma was studied for technical-purity titanium of the VT1-0 commercial grade. The diffusion saturation of titanium with nitrogen in plasma with a concentration of n = 1010–1011 cm-3 takes place at an ion current density on the cathode within 1.6–4.0 mA/cm2. It is established that a key role in the process of metal saturation is played by atomic nitrogen. The experiments revealed the formation of a layer of gradient structure with a high microhardness (~14 GPa) on the surface of nitrided titanium.
Режим доступа: по договору с организацией-держателем ресурса
Sprache:Englisch
Veröffentlicht: 2005
Schlagworte:
Online-Zugang:http://dx.doi.org/10.1134/1.2001050
Format: MixedMaterials Elektronisch Buchkapitel
KOHA link:https://koha.lib.tpu.ru/cgi-bin/koha/opac-detail.pl?biblionumber=648648

MARC

LEADER 00000naa0a2200000 4500
001 648648
005 20250224114023.0
035 |a (RuTPU)RU\TPU\network\13807 
035 |a RU\TPU\network\12608 
090 |a 648648 
100 |a 20160526d2005 k||y0rusy50 ba 
101 0 |a eng 
135 |a drcn ---uucaa 
181 0 |a i  
182 0 |a b 
200 1 |a Nitriding of technical-purity titanium in hollow-cathode glow discharge  |f Yu. Kh. Akhmadeev [et al.] 
203 |a Text  |c electronic 
300 |a Title screen 
320 |a [References: p. 550 (9 tit.)] 
330 |a The process of nitriding at low pressures and temperatures (=550°C) in hollow-cathode glow discharge plasma was studied for technical-purity titanium of the VT1-0 commercial grade. The diffusion saturation of titanium with nitrogen in plasma with a concentration of n = 1010–1011 cm-3 takes place at an ion current density on the cathode within 1.6–4.0 mA/cm2. It is established that a key role in the process of metal saturation is played by atomic nitrogen. The experiments revealed the formation of a layer of gradient structure with a high microhardness (~14 GPa) on the surface of nitrided titanium. 
333 |a Режим доступа: по договору с организацией-держателем ресурса 
461 |t Technical Physics Letters  |d 1975- 
463 |t Vol. 31, № 7  |v [P. 548-550]  |d 2005 
610 1 |a электронный ресурс 
610 1 |a труды учёных ТПУ 
701 1 |a Akhmadeev  |b Yu. Kh. 
701 1 |a Goncharenko  |b I. M. 
701 1 |a Ivanov  |b Yu. F.  |c physicist  |c Professor of Tomsk Polytechnic University, Doctor of physical and mathematical sciences  |f 1955-  |g Yuriy Fedorovich  |3 (RuTPU)RU\TPU\pers\33559  |9 17226 
701 1 |a Koval  |b N. N.  |c specialist in the field of electronics  |c Professor of Tomsk Polytechnic University, Doctor of technical sciences  |f 1948-  |g Nikolay Nikolaevich  |3 (RuTPU)RU\TPU\pers\34748  |9 18098 
701 1 |a Schanin  |b P. M. 
801 2 |a RU  |b 63413507  |c 20170414  |g RCR 
856 4 |u http://dx.doi.org/10.1134/1.2001050 
942 |c CF